A geometria divina : uma viagem iniciática à geometria sagrada, ao alcance de todos (Record no. 16430)
[ view plain ]
| 000 -Etiqueta do registo | |
|---|---|
| Valores | 00600nam a2200169 4500 |
| 010 ## - Número ISBN | |
| ISBN | 978-84-1384-054-3 |
| 100 ## - Dados gerais de processamento | |
| Dados gerais | 20251016 pory50 |
| 200 ## - Titulo e menção de responsabilidade | |
| Título próprio | A geometria divina : uma viagem iniciática à geometria sagrada, ao alcance de todos |
| Primeira menção de responsabilidade | Jaime Buhigas Tallon, |
| Outras menções de responsabilidade | trad.João Carlos Alvim |
| 205 ## - Menção da edição | |
| Edição | 1ª |
| 210 ## - Publicação | |
| Local de publicação | Madrid ; [Lisboa] |
| Nome do editor | A Esfera dos Livros |
| Data de publicação | 2021 |
| 215 ## - Descrição física | |
| Paginação / Volumes | 302 p., [24] p. |
| Outras indicações físicas | il. : il. |
| Dimensões | 25 cm |
| 304 ## - Nota relativa ao título | |
| Texto de nota | <br/>Tít. orig.: La divina geometría<br/> |
| 606 ## - Nome comum usado como assunto | |
| ID Autoridade | 183 |
| Palavra de ordem | Geometria -- Aspetos simbólicos |
| 801 ## - Fonte de origem | |
| País | PT |
| Agência | BMA |
| Regras de catalogação | RPC |
| 990 ## - Elementos KOHA | |
| Tipo de documento | Livro |
| Situação do levantamento | Estado | Biblioteca de origem | Código de barras | Cota | Permissão de empréstimo | Tipo de documento | Forma de aquisição |
|---|---|---|---|---|---|---|---|
| Biblioteca Municipal do Alandroal | 17959/23 | 514(091) BUH | Livro | Compra |